000 00447pab a2200169 454500
008 180718b2010 xxu||||| |||| 00| 0 eng d
100 _aKaur, Hardeep
245 _aDomestic violence against women and role of counselling some reflections
260 _c2010
300 _ap.46-50.
362 _aApr-Jun
650 _aWomen - Crimes against
650 _aDomestic violence
773 _aIndian Police Journal
908 _aN
909 _a90982
999 _c90982
_d90982